00743nam a2200205 4500003001100000008004100011040003900052041000800091082001600099111008300115245003900198260004900237300001900286650004400305650004300349710003200392942000700424952009100431999001500522LK-CoMWRAF231207b1992 |||||||| |||| 00| 0 eng d aLK-CoMWRAFdLK-CoMWRAFeLK-CoMWRAF aeng a305.42bWOM aTHIRD NATIONAL CONVENTION ON WOMEN'S STUDIESc ( Colombo d4-7 th March, 1992) aEmpowerment/ mobilization of women aColombo:bCentre for Women's Research,c1992 avarious paging aWomen's rights- Sri Lanka- Congresses | aWomen's studies- Sri Lanka- Congresses aCentre for Women's Research cCP 00104070aMAINbMAINd2023-12-07l0o305.42 WOMpRAF3333r2023-12-07w2023-12-07yCP c4308d4308